• AIU
  • Tony Wilmot Memorial Library

The call to Christian stewardship, (Record no. 53091)

MARC details
000 -LEADER
fixed length control field 00771cam a22002291 4500
001 - CONTROL NUMBER
control field 7793347
005 - DATE AND TIME OF LATEST TRANSACTION
control field 20161108020008.0
008 - FIXED-LENGTH DATA ELEMENTS--GENERAL INFORMATION
fixed length control field 800617s1924 tnu 000 0 eng
010 ## - LIBRARY OF CONGRESS CONTROL NUMBER
LC control number 24015691
035 ## - SYSTEM CONTROL NUMBER
System control number (OCoLC)6430271
040 ## - CATALOGING SOURCE
Original cataloging agency DLC
Transcribing agency TxLoL
Modifying agency DLC
042 ## - AUTHENTICATION CODE
Authentication code premarc
050 00 - LIBRARY OF CONGRESS CALL NUMBER
Classification number BV771
Item number .C8
100 1# - MAIN ENTRY--PERSONAL NAME
Personal name Crawford, Julius Earl,
Dates associated with a name 1884-1935.
9 (RLIN) 11515
245 14 - TITLE STATEMENT
Title The call to Christian stewardship,
Statement of responsibility, etc by Julius Earl Crawford.
260 ## - PUBLICATION, DISTRIBUTION, ETC. (IMPRINT)
Place of publication, distribution, etc Nashville, Tenn.;
-- Dallas, Tex. [etc.],
Name of publisher, distributor, etc Publishing house of the M. E. church, south, Lamar & Barton, agents,
Date of publication, distribution, etc 1924.
300 ## - PHYSICAL DESCRIPTION
Extent 131 p.
Dimensions 20 cm.
504 ## - BIBLIOGRAPHY, ETC. NOTE
Bibliography, etc Bibliography: p. 130-131.
650 #0 - SUBJECT ADDED ENTRY--TOPICAL TERM
Topical term or geographic name as entry element Christian stewardship.
9 (RLIN) 11516
906 ## - LOCAL DATA ELEMENT F, LDF (RLIN)
a 7
b cbc
c oclcrpl
d u
e ncip
f 19
g y-gencatlg
942 ## - ADDED ENTRY ELEMENTS (KOHA)
Source of classification or shelving scheme Library of Congress Classification
Item type Books
Koha issues (borrowed), all copies 1
Holdings
Withdrawn status Lost status Source of classification or shelving scheme Damaged status Not for loan Collection code Home library Current library Shelving location Date acquired Cost, normal purchase price Total Checkouts Full call number Barcode Date last seen Date last borrowed Price effective from Koha item type
    Library of Congress Classification     General Circulation AIU/NEGST - Tony Wilmot Memorial Library AIU/NEGST - Tony Wilmot Memorial Library General Stacks 01/28/2012 75.00 3 BV 771.C8 1924 R04101F3232 05/28/2025 05/12/2025 01/28/2012 Books